000
00307nam a2200133Ia 4500
008
150201s2009 xx 000 0 und d
082
_a
615
_b
Q09W
100
_a
SHARMA,VN
245
_a
ESSENTIALS OF PHARMACY
250
_a
3RD
260
_b
CBS
_a
DELHI
_c
2009
650
_a
PHARMACOLOGY
942
_2
ddc
_c
BK
_0
10
999
_c
1158
_d
1158